[Event "44th Bosna it"]
[Site "Sarajevo BIH"]
[Date "2014.06.01"]
[Round "4.4"]
[White "Stevic, Hrvoje"]
[Black "Dizdarevic, Emir"]
[Result "1/2-1/2"]
[WhiteElo "2613"]
[BlackElo "2509"]
[EventDate "2014.05.30"]
[PlyCount "47"]

1.e4 e6 2.d4 d5 3.e5 c5 4.c3 Nc6 5.Nf3 Qb6 6.a3 f6 7.Bd3 fxe5 8.dxe5 c4 9.
Bc2 Nh6 10.O-O Nf7 11.Nbd2 g6 12.b3 cxb3 13.Bxb3 Bg7 14.c4 O-O 15.cxd5 
Ncxe5 16.Nxe5 Nxe5 17.Rb1 Kh8 18.Ba2 Qa6 19.f4 Nf7 20.Bc4 b5 21.Bxb5 Qb6+ 
22.Kh1 exd5 23.Bd3 Qd6 24.Nf3 1/2-1/2

[Event "44th Bosna it"]
[Site "Sarajevo BIH"]
[Date "2014.06.01"]
[Round "4.5"]
[White "Palac, Mladen"]
[Black "Sebenik, Matej"]
[Result "1/2-1/2"]
[WhiteElo "2569"]
[BlackElo "2497"]
[EventDate "2014.05.30"]
[PlyCount "30"]

1.e4 c5 2.Nf3 d6 3.Bb5+ Bd7 4.Bxd7+ Qxd7 5.c4 Nf6 6.Nc3 g6 7.d4 cxd4 8.
Nxd4 Bg7 9.f3 Qc7 10.b3 Qa5 11.Bd2 O-O 12.Nce2 Qc5 13.Be3 Qa5+ 14.Bd2 Qc5 
15.Be3 Qa5+ 1/2-1/2

[Event "44th Bosna it"]
[Site "Sarajevo BIH"]
[Date "2014.06.01"]
[Round "4.6"]
[White "Kovacevic, Aleksandar"]
[Black "Solomunovic, Igor"]
[Result "1-0"]
[WhiteElo "2560"]
[BlackElo "2448"]
[EventDate "2014.05.30"]
[PlyCount "61"]

1.e4 c5 2.Nf3 Nc6 3.d4 cxd4 4.Nxd4 Qb6 5.Nb3 Nf6 6.Nc3 e6 7.Qe2 Bb4 8.Bd2 
O-O 9.a3 Be7 10.e5 Nd5 11.Nxd5 exd5 12.O-O-O d6 13.exd6 Bf6 14.Be3 d4 15.
Bf4 a6 16.Qe4 Be6 17.Bd3 g6 18.Nd2 Qc5 19.Qf3 Bg7 20.Rhe1 Rac8 21.Qg3 Na5 
22.Qg5 Qb6 23.Qh4 Nb3+ 24.Nxb3 Qxb3 25.Be5 Rxc2+ 26.Bxc2 Rc8 27.Qd8+ Rxd8 
28.Bxb3 Bxb3 29.Bxg7 Kxg7 30.Rxd4 Be6 31.Kd2 1-0

[Event "44th Bosna it"]
[Site "Sarajevo BIH"]
[Date "2014.06.01"]
[Round "4.7"]
[White "Bosiocic, Marin"]
[Black "Stojanovic, Dalibor"]
[Result "1/2-1/2"]
[WhiteElo "2542"]
[BlackElo "2493"]
[EventDate "2014.05.30"]
[PlyCount "57"]

1.d4 d5 2.c4 c6 3.Nc3 Nf6 4.e3 e6 5.Nf3 a6 6.c5 Nbd7 7.b4 g6 8.Bd3 Bg7 9.
Bb2 O-O 10.h3 Qc7 11.Ne2 Ne8 12.O-O e5 13.dxe5 Nxe5 14.Nxe5 Bxe5 15.Nd4 
Ng7 16.f4 Bf6 17.Qd2 Qe7 18.Rae1 Bf5 19.Nxf5 Nxf5 20.e4 Bxb2 21.Qxb2 dxe4 
22.Bxe4 Ng3 23.Bd3 Qh4 24.Rf3 Nh5 25.Ref1 Rae8 26.Kh2 Qf6 27.Qd2 Re7 28.g4
Ng7 29.f5 1/2-1/2

[Event "44th Bosna it"]
[Site "Sarajevo BIH"]
[Date "2014.06.01"]
[Round "4.8"]
[White "Bok, Benjamin"]
[Black "Nestorovic, Lazar"]
[Result "1/2-1/2"]
[WhiteElo "2605"]
[BlackElo "2337"]
[EventDate "2014.05.30"]
[PlyCount "45"]

1.e4 c5 2.Nf3 d6 3.d4 cxd4 4.Nxd4 Nf6 5.Nc3 a6 6.Be3 e6 7.Be2 Be7 8.g4 d5 
9.exd5 Nxd5 10.Nxd5 Qxd5 11.Bf3 Qa5+ 12.Qd2 Qxd2+ 13.Bxd2 Nd7 14.Bg2 Ne5 
15.h3 h5 16.gxh5 Rxh5 17.O-O-O Nc4 18.Bc3 Rc5 19.h4 Rc7 20.Ne2 e5 21.Bd5 
Bf5 22.Ng3 Bh7 23.Be4 1/2-1/2

[Event "44th Bosna it"]
[Site "Sarajevo BIH"]
[Date "2014.06.01"]
[Round "4.9"]
[White "Djukic, Nikola"]
[Black "Marjanovic, Dejan"]
[Result "1/2-1/2"]
[WhiteElo "2534"]
[BlackElo "2330"]
[EventDate "2014.05.30"]
[PlyCount "111"]

1.e4 d6 2.d4 Nf6 3.Nc3 e5 4.Nf3 Nbd7 5.Bc4 Be7 6.O-O Nb6 7.Be2 exd4 8.Qxd4
O-O 9.a4 a5 10.h3 Nfd7 11.Be3 Bf6 12.Qd2 Re8 13.Bd4 Bxd4 14.Qxd4 Qe7 15.
Rad1 Ne5 16.Nh2 Nc6 17.Qd2 f5 18.Rfe1 Qf7 19.Nd5 Nxd5 20.exd5 Ne5 21.f4 
Ng6 22.Nf3 Bd7 23.b3 b6 24.g3 Re7 25.Bd3 Rae8 26.Qc3 Rxe1+ 27.Rxe1 Rxe1+ 
28.Nxe1 Qe7 29.Kf2 Qd8 30.Nf3 Ne7 31.Nd4 Kf8 32.Bc4 Qe8 33.Qf3 Qf7 34.Bb5 
Bxb5 35.Ne6+ Ke8 36.axb5 Kd7 37.c4 Qf6 38.Qe2 g6 39.Kg2 h6 40.g4 g5 41.Qe3
fxg4 42.hxg4 gxf4 43.Nxf4 Qb2+ 44.Kh3 Qb1 45.Kg3 Qf1 46.Nh5 a4 47.bxa4 
Qxc4 48.Nf6+ Kd8 49.Qxh6 Qc3+ 50.Kf2 Qc2+ 51.Ke1 Qb1+ 52.Kd2 Qb2+ 53.Kd3 
Qb3+ 54.Ke2 Qb2+ 55.Kf3 Qc3+ 56.Kf2 1/2-1/2

[Event "44th Bosna it"]
[Site "Sarajevo BIH"]
[Date "2014.06.01"]
[Round "4.10"]
[White "Toth, Aleksandar"]
[Black "Ulibin, Mikhail"]
[Result "0-1"]
[WhiteElo "2304"]
[BlackElo "2498"]
[EventDate "2014.05.30"]
[PlyCount "62"]

1.e4 e6 2.d3 d5 3.Nd2 c5 4.g3 Nc6 5.Bg2 g6 6.f4 dxe4 7.Nxe4 Nh6 8.Be3 Nf5 
9.Bf2 Bd7 10.c3 b6 11.Nf3 Be7 12.Qe2 Qc7 13.d4 cxd4 14.g4 Ne3 15.Bxe3 dxe3
16.Qxe3 O-O-O 17.O-O-O f5 18.gxf5 exf5 19.Neg5 Bc5 20.Qe2 Qxf4+ 21.Kb1 
Rhe8 22.Qa6+ Kb8 23.Nxh7 Bc8 24.Qb5 Qe4+ 25.Ka1 Rxd1+ 26.Rxd1 Qc2 27.Rb1 
Qxg2 28.Qxc6 Re6 29.Qd5 Rd6 30.Qe5 Qxf3 31.b4 Qe3 0-1

[Event "44th Bosna it"]
[Site "Sarajevo BIH"]
[Date "2014.06.01"]
[Round "4.11"]
[White "Kadric, Denis"]
[Black "Markoja, Boris"]
[Result "1-0"]
[WhiteElo "2479"]
[BlackElo "2164"]
[EventDate "2014.05.30"]
[PlyCount "57"]

1.e4 c5 2.Nf3 g6 3.d4 cxd4 4.Nxd4 Nc6 5.Nc3 Bg7 6.Be3 Nf6 7.Bc4 O-O 8.Bb3 
a5 9.O-O d6 10.Ndb5 a4 11.Nxa4 Nxe4 12.Qe2 Ra6 13.c4 Nf6 14.Rfd1 Bd7 15.f3
Na5 16.Bc2 Be6 17.b3 Nd7 18.Rac1 Nc6 19.Nac3 Qa5 20.Bb1 Rc8 21.f4 Nc5 22.
Qf2 Bg4 23.Rd2 Raa8 24.Nd5 Bf8 25.Nxd6 exd6 26.Nf6+ Kg7 27.Nxg4 f5 28.Bd4+
Kf7 29.Bc3 1-0

[Event "44th Bosna it"]
[Site "Sarajevo BIH"]
[Date "2014.06.01"]
[Round "4.12"]
[White "Bojovic, Dusan"]
[Black "Kalezic, Blazo"]
[Result "0-1"]
[WhiteElo "2285"]
[BlackElo "2423"]
[EventDate "2014.05.30"]
[PlyCount "88"]

1.e4 e6 2.d4 d5 3.Nc3 Nf6 4.Bg5 Be7 5.e5 Nfd7 6.Bxe7 Qxe7 7.f4 a6 8.Nf3 c5
9.Qd2 Nc6 10.dxc5 Qxc5 11.a3 O-O 12.Bd3 f6 13.exf6 Nxf6 14.Qf2 d4 15.O-O-O
g6 16.Ne2 Ng4 17.Qg3 Ne3 18.Rd2 b5 19.Ng5 Ra7 20.Be4 Nc4 21.Rd3 b4 22.a4 
b3 23.Rxb3 N6a5 24.Rb8 Qd6 25.f5 e5 26.Rb3 Bxf5 27.Qd3 Kh8 28.Ng3 Nxb3+ 
29.Qxb3 Rc7 30.h4 Ne3 31.h5 Qf6 32.Nf3 Bxe4 33.Nxe4 Qf4 34.Neg5 Nc4+ 35.
Kd1 d3 36.c3 Ne3+ 37.Kc1 Nc4+ 38.Kd1 d2 39.Ne6 Qf5 40.Nxf8 Qb1+ 41.Ke2 
Qxh1 42.Nxg6+ Kg7 43.Ngh4 e4 44.Nf5+ Kf6 0-1

[Event "44th Bosna it"]
[Site "Sarajevo BIH"]
[Date "2014.06.01"]
[Round "4.13"]
[White "Kohlweyer, Bernd"]
[Black "Ali Marandi, Cemil Can"]
[Result "1-0"]
[WhiteElo "2422"]
[BlackElo "2383"]
[EventDate "2014.05.30"]
[PlyCount "161"]

1.Nf3 d5 2.c4 c6 3.e3 Nf6 4.Nc3 e6 5.b3 Nbd7 6.Qc2 Bd6 7.Bb2 O-O 8.Be2 a6 
9.d4 e5 10.cxd5 cxd5 11.dxe5 Nxe5 12.O-O Bg4 13.Nd4 Rc8 14.Rac1 Re8 15.
Bxg4 Nexg4 16.h3 Ne5 17.Qe2 Bb8 18.Rfd1 Qd6 19.Nf5 Qe6 20.Ng3 g6 21.Qd2 
Rcd8 22.Nce2 Nc6 23.Nd4 Nxd4 24.Qxd4 Kg7 25.Ne2 Be5 26.Qxe5 Qxe5 27.Bxe5 
Rxe5 28.Rc7 Rd7 29.Rxd7 Nxd7 30.Rc1 Nf8 31.Rc7 b5 32.Kf1 Re6 33.Nd4 Rd6 
34.Ke2 Nd7 35.Rc6 Rf6 36.Rc7 Rd6 37.g4 Kf6 38.h4 Ke7 39.Rc8 h6 40.f3 Ne5 
41.Rh8 Nc6 42.Nxc6+ Rxc6 43.Kd2 Rf6 44.f4 d4 45.Rxh6 dxe3+ 46.Kxe3 Re6+ 
47.Kd3 Rd6+ 48.Kc3 Rc6+ 49.Kd3 Rd6+ 50.Ke3 Re6+ 51.Kf3 Kf8 52.Rh8+ Kg7 53.
Ra8 Rc6 54.g5 Re6 55.f5 gxf5 56.Kf4 Re4+ 57.Kxf5 Rxh4 58.Rxa6 b4 59.Rb6 
Rh2 60.Rxb4 Rxa2 61.Rb5 Rf2+ 62.Ke4 Kg6 63.b4 Rg2 64.Kd4 Rg4+ 65.Kc3 f5 
66.gxf6 Kxf6 67.Rd5 Ke6 68.Rd1 Rg8 69.b5 Ke7 70.Kb4 Rd8 71.Rc1 Kd7 72.Ka5 
Rc8 73.Rxc8 Kxc8 74.Kb6 Kb8 75.Kc6 Ka7 76.Kc7 Ka8 77.Kb6 Kb8 78.Ka6 Ka8 
79.b6 Kb8 80.b7 Kc7 81.Ka7 1-0

[Event "44th Bosna it"]
[Site "Sarajevo BIH"]
[Date "2014.06.01"]
[Round "4.14"]
[White "Louis, Thibault"]
[Black "Bistric, Faruk"]
[Result "0-1"]
[WhiteElo "2242"]
[BlackElo "2363"]
[EventDate "2014.05.30"]
[PlyCount "66"]

1.e4 c5 2.Nc3 d6 3.f4 Nc6 4.Bb5 Bd7 5.Bc4 g6 6.Nf3 Bg7 7.O-O e6 8.d3 Nge7 
9.f5 exf5 10.Bg5 h6 11.Bf4 Ne5 12.Qe1 O-O 13.Qg3 g5 14.Nxg5 hxg5 15.Bxg5 
f4 16.Rxf4 N5g6 17.Bxe7 Nxe7 18.Raf1 d5 19.Bxd5 Be6 20.Kh1 Qd7 21.h4 Bxd5 
22.Rg4 Qxg4 23.Qxg4 Be6 24.Qh5 c4 25.e5 cxd3 26.cxd3 Ng6 27.Ne4 Nxe5 28.
Qg5 f5 29.Nc5 Bd5 30.h5 Ng4 31.Rxf5 Rxf5 32.Qxf5 Bxg2+ 33.Kg1 Bd4+ 0-1

[Event "44th Bosna it"]
[Site "Sarajevo BIH"]
[Date "2014.06.01"]
[Round "4.15"]
[White "Dastan, Muhammed Batuhan"]
[Black "Draganic, Veljko"]
[Result "1-0"]
[WhiteElo "2439"]
[BlackElo "2253"]
[EventDate "2014.05.30"]
[PlyCount "59"]

1.e4 c5 2.Nf3 Nc6 3.d4 cxd4 4.Nxd4 Nf6 5.Nc3 d6 6.Bc4 e6 7.Be3 Be7 8.Bb3 
O-O 9.f4 Nxd4 10.Bxd4 b6 11.Qe2 Bb7 12.O-O-O Qc8 13.Rhg1 Rd8 14.g4 d5 15.
e5 Ne4 16.Nxe4 dxe4 17.f5 Rxd4 18.Rxd4 Bc5 19.Rc4 exf5 20.Rf1 fxg4 21.Rxe4
Qc6 22.Rxf7 Kh8 23.Rxg4 Rd8 24.Rgxg7 Qh6+ 25.Kb1 Be4 26.Rd7 Rf8 27.Rgf7 
Qg5 28.Rxf8+ Bxf8 29.a4 Qxe5 30.Qc4 1-0

[Event "44th Bosna it"]
[Site "Sarajevo BIH"]
[Date "2014.06.01"]
[Round "4.16"]
[White "Mrsevic, Miroslav"]
[Black "Nestorovic, Dejan"]
[Result "0-1"]
[WhiteElo "2273"]
[BlackElo "2432"]
[EventDate "2014.05.30"]
[PlyCount "74"]

1.e4 c5 2.d3 e6 3.g3 Nc6 4.Bg2 Nf6 5.Nf3 d6 6.O-O Be7 7.Re1 O-O 8.c3 Bd7 
9.a3 Rc8 10.b4 Ne5 11.bxc5 Nxf3+ 12.Bxf3 Rxc5 13.d4 Rc8 14.Bf4 d5 15.e5 
Ne4 16.Qb3 Qc7 17.Bxe4 dxe4 18.d5 Qc4 19.Qxc4 Rxc4 20.d6 Bd8 21.Nd2 Rxc3 
22.Nxe4 Rc4 23.Rac1 Rxc1 24.Rxc1 Bc6 25.Nc5 g5 26.Be3 Kg7 27.g4 h5 28.gxh5
Rh8 29.Rc4 Rxh5 30.Ne4 Rh4 31.f3 a6 32.Kg2 g4 33.Bf4 gxf3+ 34.Kxf3 Kg6 35.
Kg3 Kf5 36.Nf6 Bxf6 37.exf6 Rg4+ 0-1

[Event "44th Bosna it"]
[Site "Sarajevo BIH"]
[Date "2014.06.01"]
[Round "4.17"]
[White "Burovic, Ismet"]
[Black "Mestrovic, Zvonimir"]
[Result "1-0"]
[WhiteElo "2374"]
[BlackElo "2301"]
[EventDate "2014.05.30"]
[PlyCount "99"]

1.e4 Nc6 2.Nc3 Nf6 3.d4 d6 4.d5 Nb8 5.h3 g6 6.Nf3 Bg7 7.Bc4 O-O 8.O-O Bd7 
9.Qe2 c6 10.a4 cxd5 11.exd5 Re8 12.Rd1 Qc8 13.Be3 Na6 14.a5 Nc5 15.Bb5 
Bxb5 16.Nxb5 a6 17.Nc3 Nfd7 18.Bd4 e5 19.dxe6 Nxe6 20.Bxg7 Nxg7 21.Qf1 Qc6
22.Nd4 Qc5 23.Nb3 Qc6 24.Nd4 Qc5 25.Nb3 Qc6 26.Qd3 Nf5 27.g4 Nh4 28.Qd5 
Rac8 29.Qxc6 Rxc6 30.Nd4 Rc5 31.Kh2 f5 32.Kg3 g5 33.Nxf5 Nxf5+ 34.gxf5 Nf6
35.f3 Rxf5 36.Rxd6 Re3 37.Rf1 h5 38.Rxf6 Rxf6 39.Nd5 Rfe6 40.Nxe3 Rxe3 41.
Kf2 Re5 42.b4 Rd5 43.Ke3 Re5+ 44.Kd4 Rf5 45.f4 Kf7 46.Ke4 Kg6 47.Rf3 Rb5 
48.c3 b6 49.axb6 g4 50.Rg3 1-0

[Event "44th Bosna it"]
[Site "Sarajevo BIH"]
[Date "2014.06.01"]
[Round "4.18"]
[White "Sutkovic, Damir"]
[Black "Vrana, Frantisek"]
[Result "1-0"]
[WhiteElo "2326"]
[BlackElo "2250"]
[EventDate "2014.05.30"]
[PlyCount "45"]

1.d4 f5 2.e4 fxe4 3.Nc3 Nf6 4.Bg5 Nc6 5.d5 Ne5 6.Qe2 c6 7.f4 exf3 8.Nxf3 
Nxf3+ 9.Qxf3 Qc7 10.O-O-O Qe5 11.h4 h6 12.Bxf6 Qxf6 13.Qe4 g5 14.g3 Bg7 
15.Bc4 h5 16.Rhf1 Qh6 17.dxc6 bxc6 18.Nb5 g4+ 19.Kb1 Kd8 20.Be6 Rb8 21.
Qxc6 Qxe6 22.Qc7+ Ke8 23.Qxb8 1-0

[Event "44th Bosna it"]
[Site "Sarajevo BIH"]
[Date "2014.06.01"]
[Round "4.20"]
[White "Trkulja, Goran"]
[Black "Rasidovic, Sead"]
[Result "1/2-1/2"]
[WhiteElo "2363"]
[BlackElo "2338"]
[EventDate "2014.05.30"]
[PlyCount "106"]

1.e4 e6 2.d4 d5 3.Nc3 Nf6 4.e5 Nfd7 5.f4 c5 6.Nf3 Nc6 7.Be3 Be7 8.Qd2 a6 
9.Be2 cxd4 10.Nxd4 Nc5 11.O-O Bd7 12.a3 Qc7 13.b4 Nxd4 14.Bxd4 Na4 15.Nxa4
Bxa4 16.c3 g6 17.Rfc1 b5 18.Rab1 h5 19.Qe3 Rc8 20.Bd3 Qb7 21.g3 Rc6 22.h3 
Bd8 23.Kf2 Bb6 24.Ke2 Qc7 25.Kd2 Kd7 26.Be2 Kc8 27.g4 hxg4 28.hxg4 Kb7 29.
Rh1 Rc8 30.Rbc1 Bxd4 31.Qxd4 Qb6 32.Bd3 Bb3 33.Qxb6+ Kxb6 34.f5 gxf5 35.
gxf5 exf5 36.Bxf5 R8c7 37.Rh4 f6 38.e6 d4 39.Rxd4 Rg7 40.Ke3 Kc7 41.Rd7+ 
Rxd7 42.exd7 Be6 43.Rd1 Kd8 44.Bxe6 Rxe6+ 45.Kf4 Rc6 46.Kf5 Rxc3 47.Kxf6 
Rxa3 48.Ke6 a5 49.Rh1 Re3+ 50.Kd6 Rd3+ 51.Kc6 Rc3+ 52.Kxb5 axb4 53.Kxb4 
Rc7 1/2-1/2

[Event "44th Bosna it"]
[Site "Sarajevo BIH"]
[Date "2014.06.02"]
[Round "5.1"]
[White "Rakhmanov, Aleksandr"]
[Black "Yilmaz, Mustafa"]
[Result "1-0"]
[WhiteElo "2610"]
[BlackElo "2564"]
[EventDate "2014.05.30"]
[PlyCount "137"]

1.Nf3 Nf6 2.g3 g6 3.Bg2 Bg7 4.c4 c6 5.O-O O-O 6.Nc3 d5 7.cxd5 cxd5 8.d4 
Ne4 9.Ne5 Nxc3 10.bxc3 Nc6 11.Nxc6 bxc6 12.Qa4 Qb6 13.Re1 Ba6 14.Bf4 Bb5 
15.Qa3 Rfe8 16.Rab1 Bf8 17.Qb3 Red8 18.a4 Bc4 19.Qxc4 dxc4 20.Rxb6 axb6 
21.Bxc6 Ra7 22.Rb1 e6 23.Rxb6 Bd6 24.Bxd6 Rxd6 25.Rb8+ Kg7 26.Rc8 Rxc6 27.
Rxc6 Rxa4 28.g4 g5 29.Kg2 Kg6 30.Rc8 h5 31.Rg8+ Kh6 32.Rh8+ Kg6 33.gxh5+ 
Kg7 34.Rc8 Kh6 35.Rc7 f5 36.Rc6 Kxh5 37.h3 f4 38.Kf3 Ra1 39.e3 fxe3 40.
fxe3 Rh1 41.Kg2 Re1 42.Rxe6 Rc1 43.Kf3 Rxc3 44.Re8 Rc1 45.Rh8+ Kg6 46.Rc8 
c3 47.Ke4 c2 48.Kd3 Rh1 49.Rxc2 Rxh3 50.Ke4 g4 51.Rc8 Kf7 52.Rc7+ Kf6 53.
Rc6+ Kf7 54.Rc5 Kg6 55.Rc6+ Kf7 56.Rc1 Kg6 57.Rf1 Rh8 58.d5 Ra8 59.d6 Re8+
60.Kd4 Re6 61.Kc5 Rxe3 62.Rd1 Re8 63.d7 Rd8 64.Rd5 g3 65.Kc6 Kf6 66.Kc7 g2
67.Rd1 Rg8 68.d8=Q+ Rxd8 69.Kxd8 1-0

[Event "44th Bosna it"]
[Site "Sarajevo BIH"]
[Date "2014.06.02"]
[Round "5.2"]
[White "Kozul, Zdenko"]
[Black "Gleizerov, Evgeny"]
[Result "1/2-1/2"]
[WhiteElo "2595"]
[BlackElo "2541"]
[EventDate "2014.05.30"]
[PlyCount "105"]

1.d4 e6 2.c4 f5 3.g3 Nf6 4.Bg2 d5 5.Nh3 c6 6.O-O Bd6 7.Qc2 O-O 8.Bf4 Be7 
9.a3 Nh5 10.Rd1 Nd7 11.Bd2 a5 12.Be1 b5 13.cxb5 cxb5 14.e3 Nb6 15.Nd2 a4 
16.Nf3 Nc4 17.Ne5 Qe8 18.Bb4 g5 19.Nd3 h6 20.Kh1 Ra7 21.Ng1 f4 22.exf4 
gxf4 23.g4 Nf6 24.Qe2 Bxb4 25.axb4 Rg7 26.h3 h5 27.gxh5 Nxh5 28.Nf3 Ne3 
29.Rg1 e5 30.Ndxe5 Nxg2 31.Rxg2 Bxh3 32.Rxg7+ Nxg7 33.Nh2 f3 34.Qd3 Ne6 
35.Qg6+ Qxg6 36.Nxg6 Nxd4 37.Ng4 Rd8 38.N4e5 Kg7 39.Rd1 Ne2 40.Nh4 Bg2+ 
41.Kh2 Rh8 42.Ng6 Rh5 43.Rd2 d4 44.Rc2 d3 45.Rc7+ Kf6 46.Rd7 Kg5 47.Rd5+ 
Kg4 48.Rxd3 Bf1 49.Rd1 Bg2 50.Rd7 Bf1 51.Rd1 Bg2 52.Rd3 Bf1 53.Rd1 1/2-1/2

[Event "44th Bosna it"]
[Site "Sarajevo BIH"]
[Date "2014.06.02"]
[Round "5.3"]
[White "Jovanovic, Zoran"]
[Black "Kovacevic, Aleksandar"]
[Result "1/2-1/2"]
[WhiteElo "2546"]
[BlackElo "2560"]
[EventDate "2014.05.30"]
[PlyCount "29"]

1.e4 c5 2.Nc3 Nc6 3.Nf3 g6 4.Bb5 Bg7 5.O-O Nf6 6.e5 Ng4 7.Bxc6 dxc6 8.Re1 
O-O 9.d3 Nh6 10.h3 Nf5 11.Ne4 b6 12.Bf4 Nd4 13.Nxd4 cxd4 14.Qd2 Re8 15.a4 
1/2-1/2

[Event "44th Bosna it"]
[Site "Sarajevo BIH"]
[Date "2014.06.02"]
[Round "5.4"]
[White "Dizdarevic, Emir"]
[Black "Kurajica, Bojan"]
[Result "1/2-1/2"]
[WhiteElo "2509"]
[BlackElo "2499"]
[EventDate "2014.05.30"]
[PlyCount "21"]

1.d4 d5 2.c4 e6 3.Nc3 Nf6 4.cxd5 exd5 5.Bg5 Be7 6.Nf3 c6 7.e3 O-O 8.Be2 
Bg4 9.Bh4 Ne4 10.Bxe7 Qxe7 11.Nxe4 1/2-1/2

[Event "44th Bosna it"]
[Site "Sarajevo BIH"]
[Date "2014.06.02"]
[Round "5.5"]
[White "Stojanovic, Dalibor"]
[Black "Stevic, Hrvoje"]
[Result "1/2-1/2"]
[WhiteElo "2493"]
[BlackElo "2613"]
[EventDate "2014.05.30"]
[PlyCount "41"]

1.e4 c5 2.Nf3 e6 3.d4 cxd4 4.Nxd4 Nf6 5.Nc3 d6 6.Be3 a6 7.Be2 Nbd7 8.Qd2 
b5 9.a3 Bb7 10.f3 Be7 11.O-O-O Rc8 12.Kb1 O-O 13.g4 Nb6 14.h4 Nfd7 15.Bg5 
Ne5 16.Bxe7 Qxe7 17.h5 Nec4 18.Bxc4 Nxc4 19.Qe1 Rc5 20.f4 Rfc8 21.Rh3 
1/2-1/2

[Event "44th Bosna it"]
[Site "Sarajevo BIH"]
[Date "2014.06.02"]
[Round "5.6"]
[White "Kalezic, Blazo"]
[Black "Palac, Mladen"]
[Result "1/2-1/2"]
[WhiteElo "2423"]
[BlackElo "2569"]
[EventDate "2014.05.30"]
[PlyCount "60"]

1.e4 c5 2.Nf3 d6 3.d4 cxd4 4.Nxd4 Nf6 5.Nc3 a6 6.Be3 e5 7.Nb3 Be6 8.f3 h5 
9.Qd2 Nbd7 10.Nd5 Bxd5 11.exd5 g6 12.Be2 Qc7 13.c4 b6 14.O-O Bg7 15.a4 a5 
16.Nc1 O-O 17.Ra3 Nh7 18.Na2 Nc5 19.Nc3 f5 20.Nb5 Qe7 21.b4 axb4 22.Qxb4 
Qd8 23.Rb1 Nf6 24.Bd1 h4 25.Bg5 h3 26.gxh3 Qd7 27.Qd2 Nh5 28.Bc2 Bf6 29.
Be3 Rfc8 30.Kh1 Ra5 1/2-1/2

[Event "44th Bosna it"]
[Site "Sarajevo BIH"]
[Date "2014.06.02"]
[Round "5.7"]
[White "Sebenik, Matej"]
[Black "Bosiocic, Marin"]
[Result "1/2-1/2"]
[WhiteElo "2497"]
[BlackElo "2542"]
[EventDate "2014.05.30"]
[PlyCount "36"]

1.d4 d5 2.c4 e6 3.Nf3 Nf6 4.g3 Be7 5.Bg2 O-O 6.O-O Nc6 7.b3 Ne4 8.Ba3 Bxa3
9.Nxa3 Bd7 10.Qc2 Be8 11.Rac1 f5 12.Qb2 Bh5 13.b4 f4 14.b5 Ne7 15.cxd5 
Nxd5 16.Nc4 Bxf3 17.Bxf3 Ng5 18.Bg2 f3 1/2-1/2

[Event "44th Bosna it"]
[Site "Sarajevo BIH"]
[Date "2014.06.02"]
[Round "5.8"]
[White "Ulibin, Mikhail"]
[Black "Kadric, Denis"]
[Result "1-0"]
[WhiteElo "2498"]
[BlackElo "2479"]
[EventDate "2014.05.30"]
[PlyCount "61"]

1.d4 Nf6 2.c4 c5 3.d5 b5 4.cxb5 a6 5.bxa6 g6 6.Nc3 Bg7 7.e4 O-O 8.Nf3 Qa5 
9.Nd2 Bxa6 10.Be2 d6 11.O-O Nfd7 12.Bxa6 Qxa6 13.a4 Qd3 14.Nb5 Qxb5 15.
axb5 Rxa1 16.Nc4 Ne5 17.Na3 Nbd7 18.f4 Rxc1 19.Qxc1 Nd3 20.Qd2 Bd4+ 21.Kh1
Nxb2 22.Qa5 c4 23.Qc7 Nb6 24.Nc2 Bc5 25.Qxe7 Nd3 26.g3 Rc8 27.Kg2 Rf8 28.
h4 h5 29.Ra1 Nf2 30.Kf3 Nc8 31.Qxf8+ 1-0

[Event "44th Bosna it"]
[Site "Sarajevo BIH"]
[Date "2014.06.02"]
[Round "5.9"]
[White "Solomunovic, Igor"]
[Black "Kohlweyer, Bernd"]
[Result "1/2-1/2"]
[WhiteElo "2448"]
[BlackElo "2422"]
[EventDate "2014.05.30"]
[PlyCount "45"]

1.e4 c5 2.Nf3 e6 3.Qe2 Nc6 4.g3 g6 5.Bg2 Bg7 6.d3 Nge7 7.O-O O-O 8.c3 b6 
9.Rd1 e5 10.a3 a5 11.a4 Ba6 12.Na3 h6 13.Nc4 Qc7 14.Nh4 d6 15.f4 exf4 16.
gxf4 Rae8 17.Qf3 f5 18.exf5 gxf5 19.Ne3 Bc8 20.Nd5 Qd8 21.Bd2 Be6 22.Nxe7+
Nxe7 23.Re1 1/2-1/2

[Event "44th Bosna it"]
[Site "Sarajevo BIH"]
[Date "2014.06.02"]
[Round "5.10"]
[White "Bistric, Faruk"]
[Black "Bok, Benjamin"]
[Result "0-1"]
[WhiteElo "2363"]
[BlackElo "2605"]
[EventDate "2014.05.30"]
[PlyCount "82"]

1.e4 c5 2.d4 cxd4 3.Qxd4 Nc6 4.Qd3 g6 5.Bd2 Bg7 6.Bc3 Nf6 7.Ne2 O-O 8.Nf4 
e6 9.Be2 d5 10.f3 d4 11.Bd2 e5 12.Nh3 Bxh3 13.gxh3 Nh5 14.O-O Rc8 15.a4 
Qh4 16.Kh1 Qxh3 17.Rg1 Nf4 18.Bxf4 exf4 19.Na3 Ne5 20.Qd1 Rfd8 21.Rg5 Bf6 
22.Rxe5 Bxe5 23.Bd3 Rc5 24.Qe2 Rdc8 25.b3 a6 26.Nc4 R8c6 27.Rd1 b5 28.axb5
axb5 29.Na3 Rb6 30.b4 Rc3 31.Nb1 Rxd3 32.Rxd3 Rc6 33.Na3 Rb6 34.Nb1 Kg7 
35.Nd2 Rc6 36.Qd1 Qc8 37.Nb3 Rxc2 38.Qf1 Qc4 39.Qd1 Rc3 40.Rxc3 dxc3 41.
Nc1 c2 0-1

[Event "44th Bosna it"]
[Site "Sarajevo BIH"]
[Date "2014.06.02"]
[Round "5.11"]
[White "Nestorovic, Lazar"]
[Black "Djukic, Nikola"]
[Result "0-1"]
[WhiteElo "2337"]
[BlackElo "2534"]
[EventDate "2014.05.30"]
[PlyCount "80"]

1.d4 Nf6 2.Nf3 e6 3.Bg5 h6 4.Bxf6 Qxf6 5.c3 d6 6.Nbd2 Nd7 7.e3 Qd8 8.Bd3 
Be7 9.Qe2 c5 10.g4 cxd4 11.exd4 Nf6 12.O-O-O Bd7 13.Ne4 Qa5 14.Kb1 O-O-O 
15.Nxf6 Bxf6 16.Nd2 Bg5 17.Qf3 Rhf8 18.h4 Be7 19.Be4 d5 20.Bd3 Bb5 21.Bxb5
Qxb5 22.Qe3 Rd6 23.Nf3 Ra6 24.Rd2 Qa5 25.b3 Kb8 26.Rc1 Rc6 27.Qe5+ Bd6 28.
Qxg7 Rfc8 29.Qxh6 Rxc3 30.Rdc2 Rxc2 31.Rxc2 Rxc2 32.Kxc2 Qxa2+ 33.Kd3 
Qxb3+ 34.Ke2 Qc4+ 35.Kd1 Qd3+ 36.Nd2 Qxd4 37.Qg5 Kc7 38.h5 Bf4 39.Qe7+ Kb6
40.Qd8+ Ka6 0-1

[Event "44th Bosna it"]
[Site "Sarajevo BIH"]
[Date "2014.06.02"]
[Round "5.12"]
[White "Marjanovic, Dejan"]
[Black "Dastan, Muhammed Batuhan"]
[Result "1-0"]
[WhiteElo "2330"]
[BlackElo "2439"]
[EventDate "2014.05.30"]
[PlyCount "57"]

1.Nf3 f5 2.d3 Nf6 3.e4 fxe4 4.dxe4 Nxe4 5.Bd3 Nf6 6.Nc3 Nc6 7.Bg5 e6 8.Qe2
Bb4 9.Bd2 Qe7 10.O-O-O d6 11.Rhe1 Bd7 12.Bc4 e5 13.a3 Bxc3 14.Bxc3 O-O-O 
15.b4 Rde8 16.b5 Nb8 17.Bb4 Nh5 18.Qe3 b6 19.Qe4 Be6 20.Bf1 Qf7 21.Re3 Nf6
22.Qa8 Bd5 23.Qxa7 e4 24.Ng5 Qh5 25.Bxd6 Re7 26.Bxe7 Qxg5 27.Qa4 Bb7 28.
Qd4 Nbd7 29.Qxd7+ 1-0

[Event "44th Bosna it"]
[Site "Sarajevo BIH"]
[Date "2014.06.02"]
[Round "5.13"]
[White "Nestorovic, Dejan"]
[Black "Sutkovic, Damir"]
[Result "1/2-1/2"]
[WhiteElo "2432"]
[BlackElo "2326"]
[EventDate "2014.05.30"]
[PlyCount "83"]

1.d4 Nf6 2.c4 d6 3.Nf3 g6 4.Nc3 Bg7 5.Bg5 O-O 6.e3 c5 7.d5 h6 8.Bh4 a6 9.
a4 e6 10.Nd2 e5 11.Be2 Qc7 12.g4 Nh7 13.Nde4 f5 14.gxf5 gxf5 15.Ng3 Nd7 
16.Qc2 e4 17.Rg1 Ne5 18.Nh5 Rf7 19.O-O-O Bd7 20.Rg2 Kh8 21.Rdg1 Bf6 22.
Nxf6 Nxf6 23.Kb1 Raf8 24.Rg3 Nfg4 25.R3g2 Nf3 26.Bxf3 exf3 27.Rg3 Ne5 28.
Kc1 Qc8 29.b3 Qe8 30.Kb2 Rh7 31.a5 Qf7 32.Ka3 f4 33.exf4 Qxf4 34.Qe4 Qf7 
35.Qe3 Bf5 36.Ne4 Bxe4 37.Qxe4 Qe8 38.Qe3 Qf7 39.Qe4 Qe8 40.Qe3 Qf7 41.Qe4
Qe8 42.Qe3 1/2-1/2

[Event "44th Bosna it"]
[Site "Sarajevo BIH"]
[Date "2014.06.02"]
[Round "5.14"]
[White "Ali Marandi, Cemil Can"]
[Black "Burovic, Ismet"]
[Result "1-0"]
[WhiteElo "2383"]
[BlackElo "2374"]
[EventDate "2014.05.30"]
[PlyCount "93"]

1.e4 c6 2.d4 d5 3.e5 Bf5 4.Nf3 e6 5.Be2 h6 6.O-O Bh7 7.Nbd2 Nd7 8.Nb3 Qc7 
9.Bd2 Ne7 10.Rc1 Nf5 11.c4 dxc4 12.Bxc4 Nb6 13.Bd3 Bg6 14.Ba5 Rd8 15.Qc2 
Ne7 16.Bxg6 Nxg6 17.Nc5 Nf4 18.Qe4 Nfd5 19.Qg4 g6 20.Nd2 h5 21.Qg3 Bh6 22.
f4 Ne7 23.Nde4 Rxd4 24.Bc3 Nf5 25.Qf2 Rd8 26.Nd6+ Kf8 27.Ncxb7 Rb8 28.Nxf5
gxf5 29.Nc5 Rd8 30.Ba5 Rg8 31.Qh4 Rg4 32.Qf6 Kg8 33.Qxh6 Rd5 34.h3 Rg6 35.
Qxh5 Qd8 36.Qf3 Qf8 37.Bxb6 axb6 38.Nb3 Qa8 39.a3 Qa4 40.Rfd1 Rb5 41.Rc3 
c5 42.Rd8+ Kg7 43.Ra8 Qe4 44.Qxe4 fxe4 45.Ra4 e3 46.Rxe3 c4 47.Rxc4 1-0

[Event "44th Bosna it"]
[Site "Sarajevo BIH"]
[Date "2014.06.02"]
[Round "5.15"]
[White "Louis, Thibault"]
[Black "Toth, Aleksandar"]
[Result "0-1"]
[WhiteElo "2242"]
[BlackElo "2304"]
[EventDate "2014.05.30"]
[PlyCount "74"]

1.e4 e5 2.Nf3 Nc6 3.Bb5 f5 4.d3 Nf6 5.O-O fxe4 6.dxe4 Bc5 7.Bxc6 bxc6 8.
Nxe5 O-O 9.Nc3 Ba6 10.Nd3 Bd4 11.e5 Bxd3 12.exf6 Bxf1 13.Qxd4 Ba6 14.fxg7 
Rf5 15.Be3 Qe7 16.Rd1 d6 17.Qa4 Bb5 18.Qg4 Rf7 19.h3 Rxg7 20.Qf3 Rf8 21.
Qh5 Qd7 22.Bd4 Rg6 23.Ne4 Qf5 24.Qh4 Qf3 25.Ng5 Qxd1+ 26.Kh2 h6 27.Qe4 Qh5
28.f4 hxg5 29.f5 Rgf6 30.g4 Qf7 31.Qe3 Rxf5 32.gxf5 Qxf5 33.Qe7 Qf4+ 34.
Kh1 Qxd4 35.Qe6+ Rf7 36.Qg6+ Qg7 37.Qe6 c5 0-1